000 00422nam a2200109Ia 4500
008 230320s9999||||xx |||||||||||||| ||spa||
082 _aTMI/2007/20
100 _aLazo Valdivia, Paola Carmen
245 0 _aDiseñor Curricular De Aula De Cuarta Grado De Primaria En El Área Académica De Lógico Matermática En La Institución Educativa Juan De La Cruz Calienes De Arequipa - Perú
260 _bLima 2007
942 _80
_cLIB
999 _c47461
_d47461